Meilleurs Buteurs 2023/2024 - Football - Statistiques

Statistiques générales
  • Ce quiz a été pris 811 fois
    608 depuis la dernière actualisation
  • Le résultat moyen est 23 sur 36
Statistiques - réponses
Buts Club Nationalité Joueur % Correct
36 Bayern Munich Angleterre Harry Kane
99%
27 Paris Saint-Germain France Kylian Mbappé
99%
27 Manchester City Norvège Erling Haaland
98%
24 Inter Milan Argentine Lautaro Martinez
91%
19 Real Madrid Angleterre Jude Bellingham
89%
19 FC Barcelone Pologne Robert Lewandowski
88%
18 Liverpool Égypte Mohamed Salah
87%
17 Tottenham Hotspur Corée du Sud Heug-min Son
85%
19 Manchester City Angleterre Phil Foden
84%
19 Olympique Lyonnais France Alexandre Lacazette
83%
16 Atlético Madrid France Antoine Griezmann
83%
22 Chelsea Angleterre Cole Palmer
81%
19 Lille LOSC Canada Jonathan David
81%
15 Real Madrid Brésil Vinicius Junior
81%
21 Newcastle Suède Alexander Isak
79%
24 RB Leipzig Belgique Loïs Openda
79%
17 Olympique de Marseille Gabon Pierre-Emerick Aubameyang
79%
28 VFB Stuttgart Guinée Serhou Guirassy
75%
16 Arsenal Angleterre Bukayo Saka
73%
15 Naples Nigéria Victor Osimhen
71%
16 Juventus Turin Serbie Dusan Vlahovic
68%
16 AS Monaco France Wissam Ben-Yedder
65%
19 Aston Villa Angleterre Ollie Watkins
64%
23 Villareal Norvège Alexander Sorloth
63%
16 Crystal Palace France Jean-Philippe Mateta
62%
24 Gérone Ukraine Artem Dovbyk
56%
15 Atlético Madrid Espagne Alvaro Morata
54%
19 Bournemouth Angleterre Dominic Solanke
36%
16 FC Séville Maroc Youssef En-Nesyri
34%
15 Hoffenheim Croatie Andrej Kramaric
32%
17 Osasuna Croatie Ante Budimir
29%
16 West Ham Angleterre Jarrod Bowen
29%
18 VFB Stuttgart Allemagne Deniz Undav
27%
15 Getafe Espagne Borja Mayoral
8%
15 Augsbourg Bosnie-Herzégovine Ermedin Demirovic
7%
16 Hoffenheim Allemagne Maximilian Beier
7%
Aucun quiz correspondant
Distribution des résultats
% des personnes avec chaque résultat
Percentile par nombre de réponses
Votre historique - résultats
Vous n’avez pas pris ce quiz depuis la dernière actualisation